MARC

Tag First Indicator Second Indicator Subfields
LEADER 00000cam a2200000Ic 4500
001 in00004644841
006 m o d
007 cr nn|||||||||
008 960630s1996 gw fob 001 0 eng d
005 20230129214458.9
035 |a (OCoLC)ocn877843608 
040 |a LLB  |b eng  |c LLB  |d OCLCO  |d EUX  |d COO  |d OCLCF  |d OCLCQ  |d UIU  |d CDN  |d OCLCO  |d OCL  |d WYU  |d YOU  |d VASCE  |d OCLCQ  |d OCLCO 
020 |a 9780784474136 
020 |a 0784474133 
020 |a 0784401926 
020 |a 9780784401927 
035 |a (OCoLC)877843608 
043 |a r------ 
050 1 4 |a TD168  |b .C65 1996 
082 0 4 |a 628.1/0911  |2 20 
049 |a TXAM 
245 0 0 |a Cold regions utilities monograph /  |c technical editor, steering committee and contributing authors, D.W. Smith [and others] special contributions, L. Barber [and others] ; editor, N. Low ; principal proponents, Technical Council on Cold Regions Engineering, American Society of Civil Engineers [and] Cold Regions Engineering Division, Canadian Society for Civil Engineering. 
250 |a Third edition. 
260 |a New York, NY  |b American Society of Civil Engineers  |c 1996. 
300 |a 1 online resource 
336 |a text  |b txt  |2 rdacontent 
337 |a computer  |b c  |2 rdamedia 
338 |a online resource  |b cr  |2 rdacarrier 
504 |a Includes bibliographical references and index. 
505 0 |a Glossary of Abbreviations and Terms; Conversion Factors; Energy Management Data; Freeze Protection, Thawing and Heat Tracing; Piping Options; Snowdrifting and Snow Loads; Vehicle-Haul System Time and Costing Equations; Index; Introduction; Planning and Management Considerations; Geotechnical Considerations; Thermal Considerations; Water Source Development; Water Treatment; Water Storage; Water Distribution; Wastewater Collection; Wastewater Treatment and Disposal; Utilidors; Central Facilities; Remote Camps; Individual On-Site Systems; Fire Protection; Solid and Hazardous Waste Management; Energy Management 
520 3 |a Sponsored by the Technical Council on Cold Regions Engineering of ASCE and the Cold Regions Engineering Division of the Canadian Society for Civil Engineering. The concepts related to the design, construction, and operation of infrastructure components for the delivery of water, the removal of liquid and solid wastes, and the provision of power for services are relatively new in the extremely cold environment found in the far north or south. The objective of this monograph is to introduce the basic principles of cold region environmental engineering. While it does not cover the basics of the environmental engineering field, it does present a great deal of introductory information related to cold regions engineering and the special geotechnical considerations that influence the design of utilities systems. The book is divided into 17 different sections that cover such topics as: planning, geotechnical, and thermal considerations; water source development; water storage; wastewater collection; utilidors; central facilities; remote camps; fire protection; and energy management. This Monograph also contains appendices that provide additional information on piping options, vehicle-haul systems, snowdrifting and snow loads, and freeze protection. 
650 0 |a Underground utility lines  |z Arctic regions. 
650 0 |a Sanitary engineering, Low temperature. 
650 0 |a Civil engineering. 
650 6 |a Réseaux souterrains  |z Arctique. 
650 6 |a Technique sanitaire  |z Régions froides. 
650 7 |a Civil engineering.  |2 fast  |0 (OCoLC)fst00862488 
650 7 |a Sanitary engineering, Low temperature.  |2 fast  |0 (OCoLC)fst01105031 
650 7 |a Underground utility lines.  |2 fast  |0 (OCoLC)fst01161016 
651 7 |a Arctic Regions.  |2 fast  |0 (OCoLC)fst01240227 
655 7 |a Electronic books.  |2 local 
700 1 |a Smith, D. W.  |q (Daniel W.) 
700 1 |a Low, N.  |q (Nola) 
710 2 |a Technical Council on Cold Regions Engineering. 
710 2 |a Canadian Society for Civil Engineering.  |b Cold Regions Engineering Division. 
730 0 |a ASCE Library. 
856 4 0 |u http://proxy.library.tamu.edu/login?url=https://ascelibrary.org/doi/book/10.1061/9780784401927  |z Connect to the full text of this electronic book  |t 0 
955 |a ASCE ebooks 
994 |a 92  |b TXA 
999 f f |s b4c81717-c54e-4180-9ec7-fbd5a86cc5d9  |i 5c264bc5-5ad3-485b-a907-933b1e318799  |t 0 
952 f f |a Texas A&M University  |b College Station  |c Electronic Resources  |d Available Online  |t 0  |e TD168 .C65 1996  |h Library of Congress classification 
998 f f |a TD168 .C65 1996  |t 0  |l Available Online